Statistiques concernant Culture Générale - Série 161

Cliquez ici pour prendre le quiz!

Statistiques générales

  • Ce quiz a été pris 255 fois
  • Le résultat moyen est 7 sur 10

Statistiques - réponses

QuestionRéponse% Correct
Au billard américain, de quelle couleur est la boule numéro 8 ?Noire
96%
Combien de "nuits par semaine" sont chantées par le groupe Indochine ?3
91%
De quelle académie Jean d'Ormesson occupe-t-il le fauteuil numéro 12 ?Académie française
89%
De quelle couleur est le soldat dans le conte musical de Louis Chédid ?Rose
81%
Sous quel nom Sarah Michelle Gellar se bat-elle contre les vampires ?Buffy
79%
Selon l'expression, où a-t-on l'estomac quand on a très faim ?Dans les talons
78%
En 2004, quelle Française a remporté deux médailles olympiques en escrime ?Laura Flessel
58%
Quel surnom culinaire associe-t-on aux inspecteurs de l'IGS ?Les boeufs-carottes
53%
Que signifie le C dans le sigle CSG ?Contribution
47%
En 2005, quel comédien dirige José Garcia dans "La Boîte noire" ?Richard Berry
4%

Distribution des résultats

Percentile par nombre de réponses

% des personnes avec chaque résultat

Votre développement - résultats

Vous n’avez pas pris ce quiz